000 01509nam0a2200277 i 4500
001 RU\NLR\BIBL_A\011331681
005 20241213160903.0
010 _a978-5-94808-965-2
_9300
021 _aRU
_b2017-3908
_9279
035 _a(NLR Aleph) 011331681
090 _a11137940
_c11137940
100 _a20170220d2016 y0rusy50 ca
101 0 _achm
_arus
102 _aRU
105 _aa z 000 y
200 1 _aДиалектологическая практика
_eзадания к анализу диалектных различий
_eучебно-методич. пособие
_fА. Н. Куклин
_gМин-во образования и науки РФ, ФГБОУ ВО "Мар. гос. ун-т", Ин-т нац. культуры и межкультур. коммуникации, Науч.-исследоват. лаборатория фундамент. исследований финно-угроведения
210 _aЙошкар-Ола
_cФГБОУ ВО "Мар. гос. ун-т"
_d2016
215 _a106 с.
_cил.
_d20
320 _aБиблиогр.: с. 104
606 1 _aМарийский язык
_jУчебно-методические пособия для высших учебных заведений
_xДиалектология
_91507720
_3RU\NLR\AUTH\66654144
686 1 _aШ166.32-5 я73
700 1 _aКуклин
_bА. Н.
_f1948-2016
_gАнатолий Николаевич
_4070
852 _aNLR
_bОНЛ
_jМар.л./2-3049
942 _cBOOK
980 _aNBR